[Event "Dvorkovich Memorial op"]
[Site "Taganrog"]
[Date "2015.01.20"]
[Round "3"]
[White "Osoblivi, Grigory"]
[Black "Assaubayeva, Bibissara"]
[Result "1/2-1/2"]
[WhiteElo "2272"]
[BlackElo "2040"]
[PlyCount "97"]
[EventDate "2015.01.18"]
[EventType "swiss"]
[EventRounds "9"]
[EventCountry "RUS"]
[SourceTitle "CBM 164 Extra"]
[Source "ChessBase"]
[SourceDate "2015.03.02"]
[SourceVersion "1"]
[SourceVersionDate "2015.03.02"]
[SourceQuality "1"]

1. e4 c5 2. Nf3 d6 3. d4 cxd4 4. Qxd4 Nc6 5. Bb5 Bd7 6. Bxc6 Bxc6 7. Nc3 Nf6 8. Bg5 e6 9. 0-0-0 Be7 10. Rhe1 0-0 11. Qd2 h6 12. Bh4 Rc8 13. Bg3 d5 14. e5 Ne4 15. Nxe4 dxe4 16. Qxd8 Rfxd8 17. Nd4 Bd5 18. Kb1 Bc5 19. c3 Bxd4 20. Rxd4 Bc4 21. Rxd8+ Rxd8 22. b3 Bd3+ 23. Kb2 b5 24. Bf4 Rd5 25. h4 Kf8 26. Ra1 a6 27. a4 Ke8 28. axb5 axb5 29. Ka3 f6 30. exf6 gxf6 31. Kb4 h5 32. Be3 Rd7 33. Ra8+ Rd8 34. Ra6 Kf7 35. Rc6 Rd7 36. c4 bxc4 37. bxc4 Rb7+ 38. Bb6 e3 39. fxe3 Be4 40. Rd6 Ke7 41. c5 Rd7 42. Rxd7+ Kxd7 43. g3 Kc6 44. Kc4 Bf3 45. Kd4 f5 46. Ba5 Bg4 47. Bb4 Bh3 48. Ke5 Bg4 49. Ba3 1/2-1/2

[Event "Dvorkovich Memorial op"]
[Site "Taganrog"]
[Date "2015.01.19"]
[Round "2"]
[White "Gabrielian, Artur"]
[Black "Osoblivi, Grigory"]
[Result "1-0"]
[WhiteElo "2554"]
[BlackElo "2272"]
[PlyCount "67"]
[EventDate "2015.01.18"]
[EventType "swiss"]
[EventRounds "9"]
[EventCountry "RUS"]
[SourceTitle "CBM 164 Extra"]
[Source "ChessBase"]
[SourceDate "2015.03.02"]
[SourceVersion "1"]
[SourceVersionDate "2015.03.02"]
[SourceQuality "1"]

1. Nf3 Nf6 2. g3 d5 3. Bg2 c5 4. 0-0 Nc6 5. d4 cxd4 6. Nxd4 e5 7. Nxc6 bxc6 8. c4 Be6 9. Bg5 Rb8 10. Nc3 Be7 11. Bxf6 Bxf6 12. cxd5 cxd5 13. Bxd5 Bxd5 14. Nxd5 0-0 15. b3 e4 16. Rc1 Rb5 17. Nxf6+ Qxf6 18. Qd7 Ra5 19. Rc8 g6 20. Rxf8+ Kxf8 21. Qd2 Qe5 22. Rc1 Kg7 23. a4 Rd5 24. Qe3 Qb2 25. Rc7 Rd2 26. Qf4 Rd1+ 27. Kg2 Qxb3 28. Qe5+ Kh6 29. Qxe4 a6 30. Rb7 Qa2 31. Ra7 Re1 32. Qe3+ Kh5 33. Qf3+ Kh6 34. Rxf7 1-0

[Event "Kostroma Volga Cup op"]
[Site "Kostroma"]
[Date "2010.07.??"]
[Round "7"]
[White "Osoblivi, Grigory"]
[Black "Isaly, Sultan"]
[Result "1-0"]
[WhiteElo "2259"]
[BlackElo "2029"]
[PlyCount "66"]
[EventDate "2010.07.??"]
[EventType "swiss"]
[EventRounds "9"]
[EventCountry "RUS"]
[SourceTitle "EXT 2011"]
[Source "ChessBase"]
[SourceDate "2010.11.26"]
[SourceVersion "1"]
[SourceVersionDate "2010.11.26"]
[SourceQuality "1"]

1. d4 Nf6 2. Nc3 g6 3. e4 d6 4. f3 Bg7 5. Be3 0-0 6. Qd2 Nc6 7. 0-0-0 a6 8. h4 b5 9. h5 Na5 10. Bh6 Bh8 11. hxg6 fxg6 12. Bxf8 Qxf8 13. e5 Nh5 14. Nd5 Nc6 15. Qc3 Bb7 16. exd6 cxd6 17. Qb3 Qf7 18. Ne2 Na5 19. Nxe7+ Kf8 20. Qxf7+ Kxf7 21. Nf5 Ke6 22. Ne3 Re8 23. Nc3 Bg7 24. Kb1 Kd7 25. Ned5 Rh8 26. Rh4 Nc6 27. a4 b4 28. Na2 a5 29. Bb5 Kd8 30. Nc1 Ng3 31. Ne3 Ne7 32. Nd3 Bf6 33. Rh3 Nh5 1-0

[Event "Kostroma Volga Cup op"]
[Site "Kostroma"]
[Date "2010.07.??"]
[Round "5"]
[White "Osoblivi, Grigory"]
[Black "Puzko, Danila"]
[Result "1-0"]
[WhiteElo "2259"]
[BlackElo "1954"]
[PlyCount "57"]
[EventDate "2010.07.??"]
[EventType "swiss"]
[EventRounds "9"]
[EventCountry "RUS"]
[SourceTitle "EXT 2011"]
[Source "ChessBase"]
[SourceDate "2010.11.26"]
[SourceVersion "1"]
[SourceVersionDate "2010.11.26"]
[SourceQuality "1"]

1. e4 c5 2. Nf3 d6 3. d4 cxd4 4. Nxd4 Nf6 5. Nc3 g6 6. Be3 Bg7 7. f3 0-0 8. Qd2 Nc6 9. Bc4 Bd7 10. 0-0-0 Rc8 11. Bb3 Ne5 12. h4 h5 13. Kb1 Nc4 14. Bxc4 Rxc4 15. Nde2 Qc7 16. Bg5 Be6 17. Bh6 Rc8 18. Bxg7 Kxg7 19. g4 Qa5 20. gxh5 Nxh5 21. Rhg1 R4c5 22. f4 Qa6 23. f5 Bxa2+ 24. Nxa2 Rxc2 25. Qd4+ Nf6 26. Nec3 Rh2 27. fxg6 fxg6 28. e5 dxe5 29. Qxe5 1-0

[Event "Kostroma Volga Cup op"]
[Site "Kostroma"]
[Date "2010.07.??"]
[Round "1"]
[White "Osoblivi, Grigory"]
[Black "Valiullina, Luiza"]
[Result "1-0"]
[WhiteElo "2259"]
[BlackElo "1902"]
[PlyCount "71"]
[EventDate "2010.07.??"]
[EventType "swiss"]
[EventRounds "9"]
[EventCountry "RUS"]
[SourceTitle "EXT 2011"]
[Source "ChessBase"]
[SourceDate "2010.11.26"]
[SourceVersion "1"]
[SourceVersionDate "2010.11.26"]
[SourceQuality "1"]

1. e4 c5 2. Nf3 d6 3. d4 cxd4 4. Nxd4 Nf6 5. Nc3 a6 6. Be3 Ng4 7. Bc1 Nc6 8. Be2 Qb6 9. Bxg4 Qxd4 10. Nd5 Qxe4+ 11. Be2 Nd4 12. Nc7+ Kd8 13. Nxa8 Nxc2+ 14. Kf1 Nxa1 15. Be3 b5 16. Bf3 Qc4+ 17. Kg1 Nc2 18. Bb6+ Ke8 19. Bd5 Qa4 20. Bb3 Qe4 21. Nc7+ Kd7 22. Bxc2 Qc6 23. Ba5 Bb7 24. Qg4+ e6 25. Bd3 b4 26. h4 d5 27. Nxe6 fxe6 28. Bxb4 Qc1+ 29. Kh2 Qxb2 30. Rb1 Qe5+ 31. f4 Qb8 32. Bxf8 Rxf8 33. Qxg7+ Kc6 34. g3 Rc8 35. Qe7 Qa7 36. Rc1+ 1-0

[Event "Kostroma Volga Cup op"]
[Site "Kostroma"]
[Date "2010.07.??"]
[Round "2"]
[White "Tsygankov, Alexandr"]
[Black "Osoblivi, Grigory"]
[Result "0-1"]
[WhiteElo "2032"]
[BlackElo "2259"]
[PlyCount "46"]
[EventDate "2010.07.??"]
[EventType "swiss"]
[EventRounds "9"]
[EventCountry "RUS"]
[SourceTitle "EXT 2011"]
[Source "ChessBase"]
[SourceDate "2010.11.26"]
[SourceVersion "1"]
[SourceVersionDate "2010.11.26"]
[SourceQuality "1"]

1. d4 d5 2. Nf3 Nf6 3. Bg5 Ne4 4. Bf4 c5 5. e3 Nc6 6. Bd3 Bg4 7. c3 e6 8. h3 Bh5 9. g4 Bg6 10. Ne5 Bd6 11. Nxg6 hxg6 12. Qf3 Qb6 13. b3 cxd4 14. Bxd6 Nxd6 15. cxd4 Nxd4 16. Qf4 Qb4+ 17. Nd2 Nc6 18. Qxb4 Nxb4 19. Ke2 Ke7 20. Bb1 Rac8 21. a3 Nc6 22. Ra2 Ne5 23. a4 Nxg4 0-1

[Event "Velikiy Novgorod-ch 62nd"]
[Site "Velikiy Novgorod"]
[Date "2010.02.28"]
[Round "9"]
[White "Osoblivi, Grigory"]
[Black "Iljinsky, Yaroslav"]
[Result "1/2-1/2"]
[WhiteElo "2252"]
[BlackElo "2239"]
[PlyCount "50"]
[EventDate "2010.02.20"]
[EventType "swiss"]
[EventRounds "9"]
[EventCountry "RUS"]
[SourceTitle "CBM 135 Extra"]
[Source "ChessBase"]
[SourceDate "2010.05.04"]
[SourceVersion "1"]
[SourceVersionDate "2010.05.04"]
[SourceQuality "1"]

1. e4 c6 2. Nf3 d5 3. Nc3 Bg4 4. h3 Bxf3 5. Qxf3 e6 6. d4 Nf6 7. Bg5 Be7 8. Bxf6 Bxf6 9. 0-0-0 Nd7 10. Qg3 g6 11. e5 Bh4 12. Qe3 Qa5 13. Kb1 Be7 14. f4 c5 15. g4 cxd4 16. Qxd4 0-0-0 17. Be2 Kb8 18. f5 Qb4 19. Nb5 Qxd4 20. Nxd4 exf5 21. e6 Ne5 22. gxf5 Bc5 23. exf7 Bxd4 24. Rxd4 gxf5 25. Rf1 Nxf7 1/2-1/2

[Event "Velikiy Novgorod-ch 62nd"]
[Site "Velikiy Novgorod"]
[Date "2010.02.25"]
[Round "6"]
[White "Osoblivi, Grigory"]
[Black "Makovetsky, Boris"]
[Result "0-1"]
[WhiteElo "2252"]
[BlackElo "2171"]
[PlyCount "144"]
[EventDate "2010.02.20"]
[EventType "swiss"]
[EventRounds "9"]
[EventCountry "RUS"]
[SourceTitle "CBM 135 Extra"]
[Source "ChessBase"]
[SourceDate "2010.05.04"]
[SourceVersion "1"]
[SourceVersionDate "2010.05.04"]
[SourceQuality "1"]

1. e4 c5 2. Nf3 Nc6 3. d4 cxd4 4. Nxd4 Nf6 5. Nc3 d6 6. Bg5 Qa5 7. Bxf6 gxf6 8. Nb3 Qd8 9. Qh5 a6 10. 0-0-0 Bd7 11. f4 Rc8 12. Bc4 e6 13. f5 Ke7 14. Nd4 Qe8 15. Nxc6+ Rxc6 16. Bb3 Kd8 17. Qh4 Be7 18. Qf2 Qg8 19. Qa7 Kc7 20. Rd3 Qxg2 21. Rhd1 Qxh2 22. Ba4 Rc8 23. Bxc6 Bxc6 24. Qe3 Bf8 25. Qh3 Qxh3 26. Rxh3 h6 27. Rg1 b5 28. a3 a5 29. b4 axb4 30. axb4 Kd7 31. Kd2 exf5 32. exf5 d5 33. Rh4 Bd6 34. Ne2 Ke7 35. c3 Bd7 36. Nd4 Be5 37. Rf1 Rh8 38. Rh5 Kd6 39. Ra1 Rc8 40. Kd3 Rc4 41. Ne2 Rg4 42. Ra6+ Ke7 43. Ra7 Kd6 44. Ra6+ Ke7 45. Rxh6 Bxf5+ 46. Kd2 Bd7 47. Ra7 Kd6 48. Rh8 f5 49. Rh6+ Rg6 50. Ra6+ Ke7 51. Raxg6 fxg6 52. Rxg6 f4 53. Nd4 Bf6 54. Rg1 Kd6 55. Ke2 Ke5 56. Kf3 Bf5 57. Nxb5 Be4+ 58. Kg4 Bf5+ 59. Kh5 f3 60. Nd4 Kf4 61. b5 Bxd4 62. cxd4 f2 63. Rc1 Ke3 64. Kg5 Bd3 65. b6 Ba6 66. Kf6 Kxd4 67. Ke6 Bb7 68. Kd6 Ke3 69. Kc7 Ba6 70. Kb8 d4 71. Ka7 Bc8 72. Kb8 Bg4 0-1

[Event "RUS-chT Regions"]
[Site "Tula"]
[Date "2009.11.??"]
[Round "5"]
[White "Osoblivi, Grigory"]
[Black "Ozolin, Maxim"]
[Result "1-0"]
[WhiteElo "2277"]
[BlackElo "2370"]
[PlyCount "75"]
[EventDate "2009.11.??"]
[EventType "team-tourn"]
[EventRounds "9"]
[EventCountry "RUS"]
[SourceTitle "EXT 2011"]
[Source "ChessBase"]
[SourceDate "2010.11.26"]
[SourceVersion "1"]
[SourceVersionDate "2010.11.26"]
[SourceQuality "1"]

1. e4 c5 2. Nf3 d6 3. d4 cxd4 4. Nxd4 Nf6 5. Nc3 a6 6. Be3 e6 7. f3 b5 8. Qd2 Nbd7 9. Bd3 Bb7 10. 0-0-0 Rc8 11. g4 Nb6 12. h4 Nfd7 13. g5 Ne5 14. Kb1 Nbc4 15. Bxc4 Nxc4 16. Qd3 Be7 17. Rdg1 b4 18. Nce2 d5 19. Bc1 Ne5 20. Qe3 Nc4 21. Qd3 Ne5 22. Qe3 dxe4 23. fxe4 Bc5 24. Rd1 Qb6 25. Qf4 Qc7 26. Rhe1 0-0 27. h5 Rfd8 28. Ka1 Bd6 29. Qh4 Qb6 30. g6 hxg6 31. h6 Bf8 32. Bg5 Rd6 33. Rh1 Nd7 34. hxg7 Bxg7 35. Be7 f5 36. Bxd6 Bxe4 37. Qh7+ Kf7 38. Nxe6 1-0

[Event "RUS-chT Regions"]
[Site "Tula"]
[Date "2009.11.??"]
[Round "2"]
[White "Potapov, Alexander1111"]
[Black "Osoblivi, Grigory"]
[Result "1/2-1/2"]
[WhiteElo "2461"]
[BlackElo "2277"]
[PlyCount "102"]
[EventDate "2009.11.??"]
[EventType "team-tourn"]
[EventRounds "9"]
[EventCountry "RUS"]
[SourceTitle "EXT 2011"]
[Source "ChessBase"]
[SourceDate "2010.11.26"]
[SourceVersion "1"]
[SourceVersionDate "2010.11.26"]
[SourceQuality "1"]

1. d4 d5 2. c4 c6 3. Nc3 Nf6 4. e3 e6 5. Nf3 Nbd7 6. Bd3 Bd6 7. 0-0 0-0 8. e4 dxc4 9. Bxc4 e5 10. Bg5 Qe7 11. d5 h6 12. Bh4 Rd8 13. a4 Nf8 14. Qb3 Ng6 15. Bg3 Nh5 16. Nd1 Nhf4 17. Ne3 Qf6 18. Rfe1 a5 19. Rad1 b5 20. axb5 cxb5 21. Bxb5 Rb8 22. Qa4 Nxg2 23. Nxg2 Qxf3 24. Rd3 Qf6 25. Qxa5 h5 26. h4 Bh3 27. Qa4 Bc5 28. b4 Bb6 29. Qc2 Bxg2 30. Kxg2 Nxh4+ 31. Bxh4 Qxh4 32. Rg3 Bd4 33. Rh1 Qf6 34. Rf3 Qh6 35. Qe2 h4 36. Kh3 Rd6 37. Rf5 Rf6 38. Bd7 Rxb4 39. Rxf6 Qxf6 40. Bf5 Rb3+ 41. Kg2 Rb2 42. Qg4 Rxf2+ 43. Kh3 Rf4 44. Qg2 g6 45. Rc1 Kh7 46. Rc6 Qg7 47. Qg5 Rf3+ 48. Kh2 Rf2+ 49. Kh3 Rf3+ 50. Kh2 Rf2+ 51. Kh3 Rf3+ 1/2-1/2

[Event "RUS-chT Regions"]
[Site "Tula"]
[Date "2009.11.??"]
[Round "6"]
[White "Zhelnin, Vladimir V"]
[Black "Osoblivi, Grigory"]
[Result "1/2-1/2"]
[WhiteElo "2447"]
[BlackElo "2277"]
[PlyCount "66"]
[EventDate "2009.11.??"]
[EventType "team-tourn"]
[EventRounds "9"]
[EventCountry "RUS"]
[SourceTitle "EXT 2011"]
[Source "ChessBase"]
[SourceDate "2010.11.26"]
[SourceVersion "1"]
[SourceVersionDate "2010.11.26"]
[SourceQuality "1"]

1. e4 e6 2. d4 d5 3. Nc3 Bb4 4. e5 c5 5. Bd2 a6 6. a3 Bxc3 7. Bxc3 cxd4 8. Qxd4 Ne7 9. Nf3 Nbc6 10. Qf4 h6 11. h4 Qc7 12. 0-0-0 b5 13. Bd3 Rb8 14. h5 a5 15. Bd4 Nxd4 16. Nxd4 Bd7 17. Rh3 b4 18. Be2 bxa3 19. Rxa3 a4 20. Rdd3 f5 21. Rdc3 Qb6 22. b3 0-0 23. bxa4 Qb1+ 24. Kd2 Qg1 25. Bb5 Rb7 26. Bxd7 Rxd7 27. Nxe6 d4 28. Rc5 d3 29. Rxd3 Rxd3+ 30. cxd3 Rb8 31. Rc7 Rb2+ 32. Kc3 Qxf2 33. Qxf2 Rxf2 1/2-1/2

[Event "Kostroma Volga Cup op"]
[Site "Kostroma"]
[Date "2009.07.??"]
[Round "5"]
[White "Osoblivi, Grigory"]
[Black "Luchkin, Alexander"]
[Result "0-1"]
[WhiteElo "2277"]
[BlackElo "2183"]
[PlyCount "98"]
[EventDate "2009.07.03"]
[EventType "swiss"]
[EventRounds "9"]
[EventCountry "RUS"]
[SourceTitle "EXT 2021"]
[Source "ChessBase"]
[SourceDate "2020.10.23"]
[SourceVersion "1"]
[SourceVersionDate "2020.10.23"]
[SourceQuality "1"]

1. e4 c6 2. d4 d5 3. Nc3 dxe4 4. Nxe4 Nd7 5. Nf3 Ngf6 6. Ng3 e6 7. Bd3 Bd6 8. 0-0 0-0 9. Qe2 c5 10. Rd1 Qc7 11. b3 b6 12. Bb2 Bb7 13. c4 Rad8 14. dxc5 bxc5 15. Ne4 Be7 16. h3 Nxe4 17. Bxe4 Bxe4 18. Qxe4 Bf6 19. Bxf6 Nxf6 20. Qe5 Qb6 21. Qe2 h6 22. Rxd8 Rxd8 23. Rd1 Rxd1+ 24. Qxd1 Qc7 25. Qd2 a5 26. Qc3 Qb6 27. Ne5 Qb4 28. Qe3 Qb6 29. Qd2 Qb4 30. Qd8+ Kh7 31. Nxf7 Qe1+ 32. Kh2 Qxf2 33. Qd3+ Kg8 34. Nd8 e5 35. Qg3 Qxa2 36. Ne6 Kf7 37. Nxc5 Qa1 38. Qf2 Qc3 39. Qf3 Qd4 40. Qb7+ Kg6 41. Ne6 Qe3 42. Qxg7+ Kf5 43. Qf7 Qf2 44. c5 Ke4 45. Qb7+ Kf5 46. Qf7 Ke4 47. Qb7+ Kf5 48. Qf7 Ke4 49. Qg6+ Kd5 0-1

[Event "SZFO-ch"]
[Site "St Petersburg"]
[Date "2009.03.28"]
[Round "8"]
[White "Osoblivi, Grigory"]
[Black "Dokutchaev, Aleksander"]
[Result "0-1"]
[WhiteElo "2268"]
[BlackElo "2399"]
[PlyCount "64"]
[EventDate "2009.03.23"]
[EventType "swiss"]
[EventRounds "9"]
[EventCountry "RUS"]
[SourceTitle "EXT 2010"]
[Source "ChessBase"]
[SourceDate "2010.11.25"]
[SourceVersion "1"]
[SourceVersionDate "2010.11.25"]
[SourceQuality "1"]

1. e4 c5 2. Nf3 Nc6 3. Bb5 g6 4. Bxc6 bxc6 5. 0-0 Bg7 6. Re1 Nh6 7. h3 0-0 8. Nc3 f6 9. b3 e5 10. d3 d6 11. Bb2 f5 12. Qe2 g5 13. exf5 Nxf5 14. Ne4 h6 15. Rad1 Ne7 16. Nh2 Nd5 17. Bc1 Bf5 18. Bd2 Qd7 19. Qh5 Rae8 20. Nf1 Nf4 21. Bxf4 exf4 22. Nh2 Re6 23. h4 Bg6 24. Qf3 Qe7 25. hxg5 d5 26. Nf6+ Rfxf6 27. gxf6 Rxe1+ 28. Rxe1 Qxe1+ 29. Nf1 Bxf6 30. Qxf4 Bd4 31. c3 Qxc3 32. Qxh6 Qxd3 0-1

[Event "SZFO-ch"]
[Site "St Petersburg"]
[Date "2009.03.26"]
[Round "6"]
[White "Osoblivi, Grigory"]
[Black "Sandrin, Vladimir"]
[Result "1-0"]
[WhiteElo "2268"]
[BlackElo "2320"]
[PlyCount "75"]
[EventDate "2009.03.23"]
[EventType "swiss"]
[EventRounds "9"]
[EventCountry "RUS"]
[SourceTitle "EXT 2010"]
[Source "ChessBase"]
[SourceDate "2010.11.25"]
[SourceVersion "1"]
[SourceVersionDate "2010.11.25"]
[SourceQuality "1"]

1. e4 e6 2. d4 d5 3. Nc3 dxe4 4. Nxe4 Nd7 5. Bd3 Ngf6 6. Qe2 Nxe4 7. Bxe4 Nf6 8. Bxb7 Bd7 9. Bxa8 Qxa8 10. Nf3 Bd6 11. 0-0 Bc6 12. c4 0-0 13. Rd1 h6 14. Ne1 Re8 15. b3 Ne4 16. Bb2 f5 17. f3 Nf6 18. Nd3 Qd8 19. Qf2 Nh5 20. Re1 Qg5 21. Rad1 Bd7 22. Ne5 Bc8 23. d5 exd5 24. cxd5 Bb4 25. Qd4 Ba5 26. Qa4 Bb6+ 27. Bd4 Re7 28. Bxb6 axb6 29. Ng6 Rxe1+ 30. Rxe1 Qxg6 31. Qe8+ Kh7 32. Qxc8 Nf4 33. g3 Qg5 34. Re5 Nh3+ 35. Kg2 Nf4+ 36. Kf1 Ng6 37. Qxf5 Qc1+ 38. Re1 1-0

[Event "SZFO-ch"]
[Site "St Petersburg"]
[Date "2009.03.25"]
[Round "2"]
[White "Osoblivi, Grigory"]
[Black "Mishuchkov, Nikolai Mikhailovic"]
[Result "1-0"]
[WhiteElo "2268"]
[BlackElo "2387"]
[PlyCount "79"]
[EventDate "2009.03.23"]
[EventType "swiss"]
[EventRounds "9"]
[EventCountry "RUS"]
[SourceTitle "EXT 2010"]
[Source "ChessBase"]
[SourceDate "2010.11.25"]
[SourceVersion "1"]
[SourceVersionDate "2010.11.25"]
[SourceQuality "1"]

1. d4 Nf6 2. Nc3 d5 3. Bg5 h6 4. Bxf6 exf6 5. e4 Bb4 6. exd5 Bxc3+ 7. bxc3 Qxd5 8. Nf3 0-0 9. Be2 Qa5 10. Qd2 Bg4 11. 0-0 Nd7 12. h3 Bxf3 13. Bxf3 c6 14. Rfe1 Rfe8 15. Reb1 Nb6 16. Qd3 Re7 17. c4 Rd8 18. c5 Nd5 19. g3 g6 20. Rb3 Re1+ 21. Rxe1 Qxe1+ 22. Kg2 Rd7 23. Bxd5 cxd5 24. Qe3 Qxe3 25. fxe3 Kf8 26. g4 Ke7 27. Kf3 Kd8 28. Ra3 b6 29. cxb6 axb6 30. Ke2 Ke7 31. Kd3 Ke6 32. Ra6 Rd6 33. a4 f5 34. gxf5+ gxf5 35. c4 dxc4+ 36. Kxc4 Rc6+ 37. Kd3 Kd5 38. a5 bxa5 39. Rxa5+ Kd6 40. Rxf5 1-0

[Event "Kostroma Volga Cup op"]
[Site "Kostroma"]
[Date "2008.07.??"]
[Round "2"]
[White "Konovalov, Viatcheslav"]
[Black "Osoblivi, Grigory"]
[Result "1/2-1/2"]
[WhiteElo "2068"]
[BlackElo "2282"]
[PlyCount "74"]
[EventDate "2008.07.??"]
[EventType "swiss"]
[EventRounds "9"]
[EventCountry "RUS"]
[SourceTitle "EXT 2009"]
[Source "ChessBase"]
[SourceDate "2008.11.26"]
[SourceVersion "1"]
[SourceVersionDate "2008.11.26"]
[SourceQuality "1"]

1. d4 d5 2. Nf3 Nf6 3. e3 Bg4 4. Nbd2 e6 5. Bd3 Bd6 6. 0-0 0-0 7. c4 c6 8. Qb3 Qc8 9. e4 Bxf3 10. e5 Bc7 11. Nxf3 dxc4 12. Qxc4 Nd5 13. Bg5 Nd7 14. Rac1 Bd8 15. Bd2 Be7 16. b4 a6 17. a4 Qd8 18. Qb3 Qb6 19. Rb1 Rfc8 20. Rfc1 h6 21. Be4 Rd8 22. b5 axb5 23. axb5 c5 24. Bxd5 exd5 25. Qxd5 cxd4 26. Qxd4 Qxd4 27. Nxd4 Nxe5 28. Nf5 Rxd2 29. Nxe7+ Kh7 30. Rd1 Raa2 31. Rxd2 Rxd2 32. Nf5 Ng4 33. f3 Nf6 34. Ne3 h5 35. Nc4 Rd4 36. Rc1 Rd5 37. Rb1 Ne8 1/2-1/2

[Event "Kostroma Volga Cup op"]
[Site "Kostroma"]
[Date "2008.07.??"]
[Round "8"]
[White "Samojlov, Anton"]
[Black "Osoblivi, Grigory"]
[Result "1-0"]
[WhiteElo "2258"]
[BlackElo "2282"]
[PlyCount "58"]
[EventDate "2008.07.??"]
[EventType "swiss"]
[EventRounds "9"]
[EventCountry "RUS"]
[SourceTitle "EXT 2009"]
[Source "ChessBase"]
[SourceDate "2008.11.26"]
[SourceVersion "1"]
[SourceVersionDate "2008.11.26"]
[SourceQuality "1"]

1. e4 e6 2. d4 d5 3. exd5 exd5 4. Nf3 Nc6 5. Bd3 Bd6 6. h3 Nge7 7. c4 dxc4 8. Bxc4 Bf5 9. Nc3 0-0 10. 0-0 a6 11. a3 Qd7 12. Re1 Rae8 13. Be3 Ng6 14. Bf1 Qc8 15. b4 Nce7 16. Qd2 Bd7 17. Ne4 Nd5 18. Bg5 Bf4 19. Bxf4 Ndxf4 20. Ne5 Be6 21. Nc5 Nxe5 22. dxe5 Nd5 23. Bd3 Rd8 24. Rad1 Ne7 25. Qf4 Rd5 26. Bxh7+ Kxh7 27. Qh4+ Kg8 28. Qxe7 Rfd8 29. Rxd5 Rxd5 1-0

[Event "Pskov 5th op"]
[Site "Pskov"]
[Date "2008.06.28"]
[Round "8.3"]
[White "Osoblivi, Grigory"]
[Black "Mishin, Alexei"]
[Result "1/2-1/2"]
[WhiteElo "2270"]
[BlackElo "2305"]
[PlyCount "59"]
[EventDate "2008.06.22"]
[EventType "swiss"]
[EventRounds "9"]
[EventCountry "RUS"]
[SourceTitle "EXT 2022"]
[Source "ChessBase"]
[SourceDate "2021.10.06"]
[SourceVersion "1"]
[SourceVersionDate "2021.10.06"]
[SourceQuality "1"]

1. e4 c5 2. Nf3 e6 3. Nc3 a6 4. d4 cxd4 5. Nxd4 b5 6. Be3 Bb7 7. f3 Qc7 8. Qd2 Nf6 9. 0-0-0 Bb4 10. a3 Bxc3 11. Qxc3 Qxc3 12. bxc3 Nc6 13. c4 bxc4 14. Bxc4 Ne5 15. Bb3 d5 16. Bf4 Ned7 17. Bg5 dxe4 18. Ba4 0-0-0 19. fxe4 Nc5 20. e5 Nxa4 21. exf6 g6 22. Nxe6 Rxd1+ 23. Rxd1 fxe6 24. f7 Nc5 25. Be7 Nd7 26. g3 Bd5 27. c4 Bxc4 28. Rxd7 Kxd7 29. f8Q Rxf8 30. Bxf8 1/2-1/2

[Event "Northwest FR-ch"]
[Site "St Petersburg"]
[Date "2008.03.24"]
[Round "4"]
[White "Semenenko, Sergey"]
[Black "Osoblivi, Grigory"]
[Result "0-1"]
[WhiteElo "2184"]
[BlackElo "2270"]
[PlyCount "86"]
[EventDate "2008.03.21"]
[EventType "swiss"]
[EventRounds "9"]
[EventCountry "RUS"]
[SourceTitle "EXT 2022"]
[Source "ChessBase"]
[SourceDate "2021.10.06"]
[SourceVersion "1"]
[SourceVersionDate "2021.10.06"]
[SourceQuality "1"]

1. d4 d5 2. c4 c6 3. Nf3 Nf6 4. Nc3 e6 5. e3 Nbd7 6. Qc2 Bd6 7. Bd2 0-0 8. h3 Qe7 9. 0-0-0 dxc4 10. Bxc4 b5 11. Bd3 Bb7 12. e4 e5 13. dxe5 Bxe5 14. Kb1 a6 15. Rhe1 c5 16. Nd5 Qd6 17. Nxe5 Nxe5 18. Bf4 c4 19. Qc3 Nxd5 20. exd5 f6 21. Bf5 Bc8 22. Bxc8 Raxc8 23. Bxe5 fxe5 24. Qxe5 Qxe5 25. Rxe5 Rxf2 26. d6 Rd8 27. d7 Kf7 28. Re3 Rf6 29. Re4 Re6 30. Red4 Ke7 31. R1d2 Re3 32. Kc2 g6 33. a3 a5 34. h4 b4 35. axb4 axb4 36. Rxc4 b3+ 37. Kd1 Rxd7 38. Rxd7+ Kxd7 39. Rc3 Rxc3 40. bxc3 Kd6 41. Kd2 Kc5 42. Kd3 h5 43. g3 Kb5 0-1